Southville International School and Colleges
Your cart is empty.
  • Cart
  • Lists
    Public lists Eva Luna New books Lux_list list_1
    Your lists Log in to create your own lists
  • Log in to your account
  • Your cookies
  • Search history
Southville International School and Colleges
  • Advanced search
  • Recent comments
  • Most popular
  • Libraries

Log in to your account

Log in with GOOGLE


If you do not have an external account, but do have a local account, you can still log in:

  1. Home
  2. MARC view: Prince of the Polly.
Normal view MARC view ISBD view

Prince of the Polly. (Record no. 115293)

[ view plain ]
MARC details
000 -LEADER
fixed length control field 00396nam a2200157 a 4500
005 - DATE AND TIME OF LATEST TRANSACTION
control field 20140414132134.0
008 - FIXED-LENGTH DATA ELEMENTS--GENERAL INFORMATION
fixed length control field 131210s19uu xx 00 eng d
020 ## - INTERNATIONAL STANDARD BOOK NUMBER
International Standard Book Number 9781601692777
050 ## - LIBRARY OF CONGRESS CALL NUMBER
Classification number TR
Item number Pri954 2010
100 ## - MAIN ENTRY--PERSONAL NAME
Personal name Gayados, Nora
245 ## - TITLE STATEMENT
Title Prince of the Polly.
260 ## - PUBLICATION, DISTRIBUTION, ETC. (IMPRINT)
Place of publication, distribution, etc Washington, USA :
Name of publisher, distributor, etc Innovative Kids,
Date of publication, distribution, etc c2010.
300 ## - PHYSICAL DESCRIPTION
Extent 24
650 ## - SUBJECT ADDED ENTRY--TOPICAL TERM
Topical term or geographic name as entry element Readiness-
Holdings
Withdrawn status Lost status Damaged status Use restrictions Home library Current library Shelving location Date acquired Source of acquisition Cost, normal purchase price Total Checkouts Full call number Barcode Date last seen Price effective from Koha item type
        Munich Library Munich Library Teachers Reference Section 12/10/2013   269.00   TR Pri954 2010 M7315 04/14/2014 04/14/2014 Books

Prince of the Polly.

APA

Gayados N., . (2010). Prince of the Polly. Washington, USA: Innovative Kids.

Chicago

Gayados Nora, . 2010. Prince of the Polly. Washington, USA: Innovative Kids.

Harvard

Gayados N., . (2010). Prince of the Polly. Washington, USA: Innovative Kids.

MLA

Gayados Nora, . Prince of the Polly. Washington, USA: Innovative Kids. 2010.

  • Place hold
  • Print
  • Cite
  • Add to your cart (remove)
  • Save record
    BIBTEX Dublin Core MARCXML MARC (non-Unicode/MARC-8) MARC (Unicode/UTF-8) MARC (Unicode/UTF-8, Standard) MODS (XML) RIS
  • More searches
    Search for this title in:
    Other Libraries (WorldCat) Other Databases (Google Scholar) Online Stores (Bookfinder.com) Open Library (openlibrary.org)

Exporting to Dublin Core...

SOUTHVILLE LIBRARY

Southville International School and Colleges Library

1281 Tropical Ave. Cor. Luxembourg St., BF Homes International, Las Pinas City

Tel. No. 8256374 / 252358 Loc. 117/146

Powered by Koha